000 00202nam a2200073Ia 4500
008 170524s9999 xx 000 0 und d
100 _aPRASAD- L.M.
245 0 _aPRINCIPALES & PRACTICE OF MANAGEMENT
260 _bnew delhi : Sultan chand
999 _c8382
_d8382